[Event "Mittelfranken-ch QT"]
[Site "Nuremberg"]
[Date "2019.04.20"]
[Round "7.13"]
[White "Weigel, Rainer"]
[Black "Schanz, Karlheinz"]
[Result "0-1"]
[WhiteElo "1425"]
[BlackElo "1877"]
[PlyCount "118"]
[EventDate "2019.04.17"]
[EventType "swiss"]
[EventRounds "7"]
[EventCountry "GER"]
[SourceTitle "EXT 2022"]
[Source "ChessBase"]
[SourceDate "2021.10.06"]
[SourceVersion "1"]
[SourceVersionDate "2021.10.06"]
[SourceQuality "1"]

1. d4 d5 2. c4 c6 3. cxd5 cxd5 4. Nc3 Nc6 5. Nf3 Bf5 6. Qb3 e6 7. Qxb7 Qc8 8. Qxc8+ Rxc8 9. a3 Bd6 10. Nb5 Bb8 11. Bd2 Nge7 12. e3 0-0 13. Be2 f6 14. 0-0 Rfd8 15. Rac1 e5 16. dxe5 fxe5 17. Rfd1 h6 18. Nh4 Be6 19. Nc3 e4 20. Be1 g5 21. f3 gxh4 22. fxe4 d4 23. exd4 Nxd4 24. Bxh4 Nxe2+ 25. Nxe2 Rxd1+ 26. Rxd1 Ng6 27. Bg3 Bg4 28. Bxb8 Rxb8 29. Rd2 Bxe2 30. Rxe2 Ne5 31. b4 Nc4 32. Ra2 Re8 33. a4 Rxe4 34. b5 Kf7 35. Kf2 Rd4 36. Kf3 Ke6 37. Re2+ Ne5+ 38. Kg3 Rxa4 39. Rb2 Nc4 40. Re2+ Kf6 41. Re4 Nb2 42. Rxa4 Nxa4 43. Kf4 Nc3 44. g4 Nxb5 45. h4 a5 46. g5+ hxg5+ 47. hxg5+ Kg6 48. Ke4 a4 49. Kd3 a3 50. Kc2 Kxg5 51. Kb1 Kf4 52. Ka2 Ke4 53. Ka1 Kd3 54. Ka2 Kc3 55. Ka1 Kb3 56. Kb1 Nd4 57. Ka1 Nc2+ 58. Kb1 a2+ 59. Kc1 a1Q+ 0-1

[Event "Mittelfranken-ch QT 52nd"]
[Site "Uttenreuth"]
[Date "2003.04.19"]
[Round "7"]
[White "Weigel, Rainer"]
[Black "Haesslein, Martina"]
[Result "1-0"]
[WhiteElo "1560"]
[BlackElo "1533"]
[PlyCount "209"]
[EventDate "2003.04.16"]
[EventType "swiss"]
[EventRounds "7"]
[EventCountry "GER"]
[SourceTitle "EXT 2015"]
[Source "ChessBase"]
[SourceDate "2014.11.20"]
[SourceVersion "1"]
[SourceVersionDate "2014.11.20"]
[SourceQuality "1"]

1. d4 d6 2. c4 Nf6 3. Nc3 g6 4. e4 Bg7 5. Nf3 0-0 6. Be2 c6 7. Bg5 Nbd7 8. Qd2 e5 9. d5 cxd5 10. Nxd5 Nxe4 11. Bxd8 Nxd2 12. Be7 Nxf3+ 13. Bxf3 Re8 14. Bxd6 Re6 15. Nc7 Rxd6 16. Nxa8 Nc5 17. 0-0 Be6 18. Rfd1 Rd4 19. b3 b6 20. Rxd4 exd4 21. Rd1 Bf5 22. Nc7 d3 23. b4 Na4 24. g4 Nb2 25. gxf5 Nxd1 26. Bxd1 gxf5 27. Nd5 d2 28. Ne7+ Kf8 29. Nxf5 Bc3 30. b5 Ke8 31. Nd6+ Ke7 32. Nc8+ Ke6 33. Nxa7 Kd6 34. Nc6 Kc5 35. Bb3 d1Q+ 36. Bxd1 Kxc4 37. a4 f6 38. a5 Kxb5 39. Ba4+ Ka6 40. axb6 Kxb6 41. Ne7 Kc5 42. Bc2 Kd6 43. Nf5+ Ke5 44. Kg2 Kf4 45. h4 Bb4 46. Nh6 Bf8 47. Ng8 Kg4 48. Nxf6+ Kxh4 49. Nxh7 Bc5 50. f4 Kh5 51. Nf6+ Kh6 52. f5 Bd4 53. Nd7 Kg5 54. Kf3 Bc3 55. Ke4 Bg7 56. Kd5 Bh8 57. Ke6 Bg7 58. Kf7 Bc3 59. Ke6 Bg7 60. Nc5 Bb2 61. Nd3 Bg7 62. Nc5 Bb2 63. Nd7 Bg7 64. Kf7 Bb2 65. Nf8 Bc3 66. Nh7+ Kh6 67. Kg8 Bb2 68. f6 Bxf6 69. Nxf6 Kg5 70. Nd5 Kg4 71. Kf7 Kf3 72. Ke6 Ke2 73. Ke5 Kd2 74. Be4 Kc1 75. Kd4 Kd2 76. Nb4 Kc1 77. Kc3 Kd1 78. Nd3 Ke2 79. Kd4 Kd2 80. Nb2 Kc1 81. Nc4 Kd1 82. Ke3 Kc1 83. Kf3 Kd1 84. Kf2 Kc1 85. Ke3 Kd1 86. Bb1 Kc1 87. Ba2 Kc2 88. Kd4 Kc1 89. Kd3 Kd1 90. Nb2+ Kc1 91. Na4 Kd1 92. Nc3+ Kc1 93. Ne2+ Kb2 94. Bd5 Kb1 95. Kc3 Ka1 96. Be4 Ka2 97. Nd4 Ka1 98. Nb3+ Ka2 99. Bc2 Ka3 100. Bb1 Ka4 101. Nd2 Ka3 102. Nc4+ Ka4 103. Kd4 Kb3 104. Kc5 Ka4 105. Bc2# 1-0

[Event "Mittelfranken-ch QT 52nd"]
[Site "Uttenreuth"]
[Date "2003.04.18"]
[Round "6"]
[White "Hennemann, Herbert"]
[Black "Weigel, Rainer"]
[Result "1-0"]
[WhiteElo "1582"]
[BlackElo "1560"]
[PlyCount "71"]
[EventDate "2003.04.16"]
[EventType "swiss"]
[EventRounds "7"]
[EventCountry "GER"]
[SourceTitle "EXT 2015"]
[Source "ChessBase"]
[SourceDate "2014.11.20"]
[SourceVersion "1"]
[SourceVersionDate "2014.11.20"]
[SourceQuality "1"]

1. d4 Nf6 2. c4 e6 3. Nf3 Bb4+ 4. Bd2 Qe7 5. Nc3 d5 6. e3 c5 7. cxd5 Bxc3 8. Bb5+ Bd7 9. Bxd7+ Nbxd7 10. Bxc3 Nxd5 11. Bd2 0-0 12. 0-0 Rac8 13. dxc5 Nxc5 14. Qe2 Rfd8 15. Rfc1 Qf6 16. Bc3 Nxc3 17. Rxc3 Na4 18. Rb3 b6 19. Rb4 Nc5 20. Rf4 Qh6 21. Ne5 f6 22. Ng4 Qg6 23. Nxf6+ Kh8 24. Ng4 Nd3 25. Rd4 Rxd4 26. exd4 Nxb2 27. Qf3 Qc2 28. h3 Qc6 29. Qf7 a5 30. Re1 Qd6 31. Qxe6 Qd8 32. Ne5 Qxd4 33. Nf7+ Kg8 34. Nh6+ Kh8 35. Qg8+ Rxg8 36. Nf7# 1-0

[Event "Mittelfranken-ch QT 52nd"]
[Site "Uttenreuth"]
[Date "2003.04.17"]
[Round "4"]
[White "Ulusoy, Tolga"]
[Black "Weigel, Rainer"]
[Result "1-0"]
[WhiteElo "1740"]
[BlackElo "1560"]
[PlyCount "49"]
[EventDate "2003.04.16"]
[EventType "swiss"]
[EventRounds "7"]
[EventCountry "GER"]
[SourceTitle "EXT 2015"]
[Source "ChessBase"]
[SourceDate "2014.11.20"]
[SourceVersion "1"]
[SourceVersionDate "2014.11.20"]
[SourceQuality "1"]

1. e4 c5 2. b4 cxb4 3. a3 bxa3 4. Nxa3 e6 5. d4 Qa5+ 6. Qd2 Qxd2+ 7. Bxd2 a6 8. Nb5 b6 9. Nc7+ Kd8 10. Nxa8 b5 11. Ba5+ Ke8 12. Nc7+ Ke7 13. Nxb5 axb5 14. Bxb5 Nf6 15. Bb4+ Ke8 16. Bxf8 Kxf8 17. Ra8 Nxe4 18. Rxb8 Ke7 19. Ba6 Nd6 20. Bxc8 Rxc8 21. Rxc8 Nxc8 22. Nf3 d5 23. Kd2 Nd6 24. Re1 Nc4+ 25. Kd3 1-0

[Event "Mittelfranken-ch QT 52nd"]
[Site "Uttenreuth"]
[Date "2003.04.16"]
[Round "2"]
[White "Dreiseitel, Werner"]
[Black "Weigel, Rainer"]
[Result "0-1"]
[WhiteElo "1111"]
[BlackElo "1560"]
[PlyCount "112"]
[EventDate "2003.04.16"]
[EventType "swiss"]
[EventRounds "7"]
[EventCountry "GER"]
[SourceTitle "EXT 2015"]
[Source "ChessBase"]
[SourceDate "2014.11.20"]
[SourceVersion "1"]
[SourceVersionDate "2014.11.20"]
[SourceQuality "1"]

1. e4 c5 2. c4 d6 3. b3 Nf6 4. d3 Nc6 5. Nf3 g6 6. Bb2 Bg7 7. Nc3 0-0 8. Be2 Bg4 9. 0-0 Qa5 10. h3 Bxf3 11. Bxf3 Nxe4 12. Bxe4 Bxc3 13. Bxc3 Qxc3 14. Rc1 Qa5 15. Bxc6 bxc6 16. Rc2 Qc7 17. Qd2 a5 18. Qh6 a4 19. Re2 f5 20. Rfe1 e5 21. f4 axb3 22. axb3 Rfe8 23. fxe5 Rxe5 24. Rxe5 dxe5 25. Qe3 Re8 26. Qxc5 Kf7 27. Ra1 Re7 28. Ra6 Qd7 29. Rxc6 Qxd3 30. Qd6 Qxd6 31. Rxd6 Rb7 32. Rd3 Ke6 33. Kf2 e4 34. Rc3 f4 35. Ke2 Ke5 36. Kd2 Kd4 37. c5 e3+ 38. Kc2 e2 39. Kd2 e1Q+ 40. Kxe1 Kxc3 41. c6 Rc7 42. Kf2 Rxc6 43. Kf3 Rf6 44. g3 fxg3+ 45. Kxg3 Kxb3 46. Kg4 Rf5 47. h4 Kc3 48. h5 Rxh5 49. Kg3 Rf5 50. Kg4 Kd3 51. Kg3 Ke2 52. Kg4 Ke3 53. Kg3 Rg5+ 54. Kh4 h6 55. Kh3 Kf4 56. Kh4 Rh5# 0-1

[Event "Mittelfranken-ch QT 52nd"]
[Site "Uttenreuth"]
[Date "2003.04.16"]
[Round "1"]
[White "Weigel, Rainer"]
[Black "Kirchner, Norbert"]
[Result "0-1"]
[WhiteElo "1560"]
[BlackElo "2043"]
[PlyCount "78"]
[EventDate "2003.04.16"]
[EventType "swiss"]
[EventRounds "7"]
[EventCountry "GER"]
[SourceTitle "EXT 2015"]
[Source "ChessBase"]
[SourceDate "2014.11.20"]
[SourceVersion "1"]
[SourceVersionDate "2014.11.20"]
[SourceQuality "1"]

1. d4 d5 2. c4 c6 3. Bg5 dxc4 4. e3 Qa5+ 5. Nd2 Qxg5 6. Bxc4 Qxg2 7. Qf3 Qxf3 8. Ngxf3 Nf6 9. 0-0-0 Bg4 10. Rhg1 Nbd7 11. Rg3 e6 12. Rdg1 Bxf3 13. Nxf3 g6 14. h4 c5 15. Kb1 Rc8 16. Be2 c4 17. Nd2 b5 18. Rg5 a6 19. Bf3 h6 20. R5g2 Bb4 21. Ne4 Nd5 22. a3 Be7 23. Rh2 a5 24. Nc3 Nxc3+ 25. bxc3 Bxa3 26. Ka2 Bd6 27. Rhh1 b4 28. cxb4 axb4 29. Rb1 Nb6 30. Be2 b3+ 31. Kb2 Na4+ 32. Kc1 Ba3+ 33. Kd2 Bb4+ 34. Kc1 Nc3 35. Rb2 Ra8 36. Rb1 Ra2 37. Bd1 Ba3+ 38. Rb2 Rxb2 39. Bxb3 Ra2# 0-1

[Event "Nuremberg-ch op 02nd"]
[Site "Nuremberg"]
[Date "2002.06.23"]
[Round "4"]
[White "Weigel, Rainer"]
[Black "Wagenfeld, Wladymyr"]
[Result "1/2-1/2"]
[WhiteElo "1522"]
[BlackElo "1685"]
[PlyCount "61"]
[EventDate "2002.06.21"]
[EventType "swiss"]
[EventRounds "5"]
[EventCountry "GER"]
[SourceTitle "EXT 2006"]
[Source "ChessBase"]
[SourceDate "2005.11.24"]
[SourceVersion "1"]
[SourceVersionDate "2005.11.24"]
[SourceQuality "1"]

1. d4 Nf6 2. c4 e5 3. dxe5 Ng4 4. Nf3 Nc6 5. Bf4 Bb4+ 6. Nc3 Qe7 7. Qd5 Bxc3+ 8. bxc3 f6 9. exf6 Nxf6 10. Qd3 d6 11. Qe3 Qxe3 12. Bxe3 Be6 13. c5 0-0 14. cxd6 cxd6 15. g3 Rac8 16. Bg2 Bc4 17. Nd4 a6 18. Nxc6 bxc6 19. Kd2 Nd5 20. Bxd5+ Bxd5 21. Rab1 Rb8 22. a3 Kf7 23. Ba7 Rb5 24. a4 Rb3 25. Rxb3 Bxb3 26. a5 c5 27. e4 Ke6 28. f4 Rf7 29. Rb1 c4 30. Bd4 g6 31. Ke3 1/2-1/2

[Event "Nuremberg-ch op 02nd"]
[Site "Nuremberg"]
[Date "2002.06.22"]
[Round "2"]
[White "Weigel, Rainer"]
[Black "Corral, Carlos"]
[Result "0-1"]
[WhiteElo "1521"]
[BlackElo "1887"]
[PlyCount "30"]
[EventDate "2002.06.21"]
[EventType "swiss"]
[EventRounds "5"]
[EventCountry "GER"]
[SourceTitle "EXT 2006"]
[Source "ChessBase"]
[SourceDate "2005.11.24"]
[SourceVersion "1"]
[SourceVersionDate "2005.11.24"]
[SourceQuality "1"]

1. d4 c5 2. dxc5 e6 3. Nf3 Bxc5 4. Bg5 Nf6 5. e3 0-0 6. Nc3 d5 7. Na4 Bb4+ 8. c3 Be7 9. Rc1 Bd7 10. c4 dxc4 11. Bxc4 b5 12. Bxb5 Bxb5 13. Nc3 Qa5 14. Qb3 Ba6 15. Nd4 Qxg5 0-1

[Event "Mittelfranken-ch QT 51st"]
[Site "Zirndorf"]
[Date "2002.??.??"]
[Round "7"]
[White "Ringler, Claus"]
[Black "Weigel, Rainer"]
[Result "1/2-1/2"]
[WhiteElo "1350"]
[BlackElo "1456"]
[PlyCount "25"]
[EventDate "2002.03.27"]
[EventType "swiss"]
[EventRounds "7"]
[EventCountry "GER"]
[SourceTitle "EXT 2015"]
[Source "ChessBase"]
[SourceDate "2014.11.20"]
[SourceVersion "1"]
[SourceVersionDate "2014.11.20"]
[SourceQuality "1"]

1. Nf3 Nf6 2. g3 e6 3. Bg2 d5 4. 0-0 c5 5. d3 Nc6 6. Nbd2 Be7 7. Re1 0-0 8. e4 Qc7 9. e5 Nd7 10. Nb3 b6 11. Bf4 Bb7 12. c3 Rac8 13. d4 1/2-1/2

[Event "Mittelfranken-ch QT 51st"]
[Site "Zirndorf"]
[Date "2002.??.??"]
[Round "4"]
[White "Weigel, Rainer"]
[Black "Ederer, Rene"]
[Result "1/2-1/2"]
[WhiteElo "1456"]
[BlackElo "1521"]
[PlyCount "120"]
[EventDate "2002.03.27"]
[EventType "swiss"]
[EventRounds "7"]
[EventCountry "GER"]
[SourceTitle "EXT 2015"]
[Source "ChessBase"]
[SourceDate "2014.11.20"]
[SourceVersion "1"]
[SourceVersionDate "2014.11.20"]
[SourceQuality "1"]

1. d4 e6 2. c4 Nf6 3. Nc3 d5 4. Bg5 Be7 5. e3 0-0 6. Nf3 b6 7. Bxf6 Bxf6 8. cxd5 exd5 9. Bd3 Bb7 10. 0-0 c5 11. Rc1 c4 12. Bb1 Nc6 13. Qc2 g6 14. a3 a6 15. Ba2 b5 16. Bb1 Re8 17. Kh1 Rb8 18. Na2 a5 19. Qd2 Qd6 20. Nc3 Ba6 21. Rfd1 b4 22. axb4 axb4 23. Na4 Na5 24. Nc5 Rb5 25. Bc2 b3 26. Bb1 Nb7 27. Nxa6 Qxa6 28. Re1 Nd6 29. Ng1 Bg5 30. Ne2 Ra5 31. Nc3 f5 32. f4 Bh4 33. g3 Bf6 34. Qg2 Qa8 35. Re2 Re6 36. Rg1 Bg7 37. Qf3 Qc6 38. g4 fxg4 39. Rxg4 Ne8 40. Reg2 Nf6 41. Rg5 Bh6 42. Re5 Bg7 43. Rxe6 Qxe6 44. Rg5 Qf7 45. f5 gxf5 46. Bxf5 Ra1+ 47. Kg2 Ra5 48. Qh3 Kh8 49. Be6 Qe8 50. Nxd5 Nxd5 51. Rxd5 Rxd5 52. Bxd5 h6 53. e4 Qg6+ 54. Qg3 Qxg3+ 55. hxg3 Bxd4 56. Bxc4 Bxb2 57. Bxb3 Kg7 58. Kf3 Kf6 59. Bd5 Ke5 60. Kg4 Bc1 1/2-1/2

[Event "Mittelfranken-ch QT 51st"]
[Site "Zirndorf"]
[Date "2002.??.??"]
[Round "2"]
[White "Weigel, Rainer"]
[Black "Hestermann, Hans Ludwig"]
[Result "1/2-1/2"]
[WhiteElo "1456"]
[BlackElo "1653"]
[PlyCount "67"]
[EventDate "2002.03.27"]
[EventType "swiss"]
[EventRounds "7"]
[EventCountry "GER"]
[SourceTitle "EXT 2015"]
[Source "ChessBase"]
[SourceDate "2014.11.20"]
[SourceVersion "1"]
[SourceVersionDate "2014.11.20"]
[SourceQuality "1"]

1. d4 d5 2. c4 e6 3. Nc3 Nf6 4. Bg5 Be7 5. Nf3 b6 6. e3 Bb7 7. cxd5 exd5 8. Bb5+ c6 9. Bd3 h6 10. Bh4 0-0 11. 0-0 Nbd7 12. Rc1 Re8 13. Bb1 Nf8 14. Qc2 Rc8 15. Rfd1 Ne4 16. Bxe7 Qxe7 17. Nxe4 dxe4 18. Nd2 c5 19. dxc5 Rxc5 20. Qa4 Ra5 21. Qd4 Rd5 22. Qa4 Red8 23. Nf1 Rxd1 24. Rxd1 Rxd1 25. Qxd1 Qb4 26. Qc2 Ne6 27. a3 Qe1 28. Ba2 Ba6 29. Bc4 Bxc4 30. Qxc4 Nc5 31. b4 Nd3 32. Qc8+ Kh7 33. Qf5+ Kg8 34. Qc8+ 1/2-1/2

[Event "Mittelfranken-ch QT 50th"]
[Site "Buechenbach"]
[Date "2001.??.??"]
[Round "5"]
[White "Weigel, Rainer"]
[Black "Erlbeck, Simon"]
[Result "1-0"]
[WhiteElo "1424"]
[BlackElo "1176"]
[PlyCount "107"]
[EventDate "2001.04.11"]
[EventType "swiss"]
[EventRounds "7"]
[EventCountry "GER"]
[SourceTitle "EXT 2015"]
[Source "ChessBase"]
[SourceDate "2014.11.20"]
[SourceVersion "1"]
[SourceVersionDate "2014.11.20"]
[SourceQuality "1"]

1. d4 e6 2. c4 d5 3. Nc3 Nf6 4. Bg5 Be7 5. Nf3 dxc4 6. e3 h6 7. Bxf6 Bxf6 8. Bxc4 Nc6 9. 0-0 Ne7 10. Rc1 0-0 11. Qc2 b6 12. Bd3 g6 13. Ne4 Nd5 14. Nxf6+ Qxf6 15. Ne5 Nb4 16. Qxc7 Nxd3 17. Nxd3 Ba6 18. Rfd1 Rac8 19. Qe5 Rxc1 20. Rxc1 Qxe5 21. Nxe5 Bb5 22. Rc7 a5 23. Nc4 Bxc4 24. Rxc4 b5 25. Rc5 Rb8 26. f4 a4 27. a3 b4 28. axb4 Rxb4 29. Ra5 Rxb2 30. Rxa4 Rb1+ 31. Kf2 Rb2+ 32. Kf3 h5 33. h4 Rb5 34. Rc4 f5 35. Rc7 Kf8 36. Rc5 Rxc5 37. dxc5 Ke8 38. Ke2 Kd7 39. Kd3 Kc6 40. Kc4 Kb7 41. Kb5 Kc7 42. c6 Kb8 43. Kb6 Kc8 44. c7 Kd7 45. Kb7 Kd6 46. c8Q Kd5 47. Qc3 Kd6 48. Qe5+ Ke7 49. Kc7 g5 50. fxg5 f4 51. exf4 Ke8 52. Qg7 e5 53. Kd6 exf4 54. Qe7# 1-0

[Event "Mittelfranken-ch QT 49th"]
[Site "Ansbach"]
[Date "2000.??.??"]
[Round "7"]
[White "Weigel, Rainer"]
[Black "Beuschel, Uwe"]
[Result "1/2-1/2"]
[WhiteElo "1387"]
[BlackElo "1248"]
[PlyCount "27"]
[EventDate "2000.04.19"]
[EventType "swiss"]
[EventRounds "7"]
[EventCountry "GER"]
[SourceTitle "EXT 2015"]
[Source "ChessBase"]
[SourceDate "2014.11.20"]
[SourceVersion "1"]
[SourceVersionDate "2014.11.20"]
[SourceQuality "1"]

1. d4 d5 2. c4 e6 3. Nc3 Nf6 4. Bg5 Be7 5. Nf3 0-0 6. e3 Nbd7 7. Rc1 c5 8. dxc5 Nxc5 9. Bxf6 Bxf6 10. b4 Na6 11. b5 Nc7 12. cxd5 Bxc3+ 13. Rxc3 Nxd5 14. Ra3 1/2-1/2

[Event "Mittelfranken-ch QT 49th"]
[Site "Ansbach"]
[Date "2000.??.??"]
[Round "1"]
[White "Weigel, Rainer"]
[Black "Stuiber, Marc"]
[Result "1/2-1/2"]
[WhiteElo "1387"]
[BlackElo "1820"]
[PlyCount "56"]
[EventDate "2000.04.19"]
[EventType "swiss"]
[EventRounds "7"]
[EventCountry "GER"]
[SourceTitle "EXT 2015"]
[Source "ChessBase"]
[SourceDate "2014.11.20"]
[SourceVersion "1"]
[SourceVersionDate "2014.11.20"]
[SourceQuality "1"]

1. d4 Nf6 2. c4 g6 3. Nc3 d5 4. cxd5 Nxd5 5. e4 Nxc3 6. bxc3 Bg7 7. Bc4 0-0 8. Ne2 Nc6 9. 0-0 Na5 10. Qd3 Nxc4 11. Qxc4 Bd7 12. Bf4 Rc8 13. Rab1 b6 14. Rb4 c5 15. dxc5 Rxc5 16. Qa6 Ra5 17. Qd3 Rxa2 18. Nc1 Ra3 19. Rd1 Rxc3 20. Qxd7 Qxd7 21. Rxd7 Rfc8 22. Ne2 Rc2 23. Kf1 Ra2 24. g3 e5 25. Be3 Kf8 26. Bg5 h6 27. Rd8+ Rxd8 28. Bxd8 Ke8 1/2-1/2